000 00529nam a2200169 i 4500
001 84962
003 ES-MaACL
005 20230906175143.0
007 t|
008 041124s1973 sp ||||1| spa d
100 1 _aJesserer, Hans.
_966357
245 1 0 _aEnfermedades oseas /
_cpor Hans Jesserer ; versión, Jesús López-Urritia Fernández.
260 _aBarcelona :
_bToray,
_c[1973]
300 _aVIII, 160 p. :
_bil. ;
_c24 cm.
700 1 _aLópez-Urrutia Fernández, Jesús.
_974010
852 _aES-MaACL
_jC-55436
_bR.88168
999 _c84962
_d84962